00984nam a2200181 i 4500001000700000003000900007005001700016008004100033100004600074245018300120260007400303300002500377650004000402700004200442852017300484999001900657952012600676184448ES-MaACL20250815113049.0150831s1873 sp |||| | spa d1 aBerthelot, Marcellin, d1827-1907912596110aLecciones sobre los métodos generales de síntesis en Química orgánicab: explicadas en el Colegio de Francia / cpor Berthelot ; traducidas por Vicente Martin de Argenta. aMadrid : bSemanario Farmacéutico, c1873 (fImp. de J.M. Ducazcal) a372, X p. ; c24 cm. 7aQuímica orgánica2embne91367991 aMartín de Argenta, Vicente.9157362 aES-MaACLjG-11016 z.- Sello de "Los Escolares Médicos" z.- Legado Gustavo Saenz Diez z.- Dedicatoria ms. del traductor a la biblioteca de "Los Escolares Médicos" c184448d184448 001040708LIBXIXaATENEOMbATENEOMcSPP3d2015-08-31eDONl0oG-11016p1194105r2023-02-23 00:00:00w2023-02-23yMONANT